=LDR 00000nam 2200000 4500 =001 INLIS000000000004217 =005 20241030093151 =035 ##$$a 0010-0222000828 =245 1#$$a Buat Sendiri Desain Kaos Distro dengan CorelDRAW Urban Art Expression /$c Madcoms =100 #$$a BUAT Sendiri =250 ##$$a Edisi 1, Cet. 1 =300 ##$$a xvi, 208 halaman : $b gambar ; $c 16x23 cm =856 ##$$a OPAC (Rak Tandon - Rak 1.4) =260 ##$$a Yogyakarta :$b Andi,$c 2011 =082 ##$$a 006.68 =084 ##$$a 006.68 BUA b =020 ##$$a 978-979-29-2466-4 =650 #4$$a Corel Draw =650 #4$$a Sumbangan Mahasiswa 2017 =500 ##$$a Sumbangan Mahasiswa 2017 =520 ##$$a Buku ini membahas teknik membuat desain kaos distro dengan mudah dan detail, dengan langkah-langkah pembuatan desain kaos distro yang praktis. =008 241030################g##########0#ind## =990 ##$$a 315/SM-17